The awesome power of Direct 3D/Direct X

Αποθηκεύτηκε σε:
Λεπτομέρειες βιβλιογραφικής εγγραφής
Κύριος συγγραφέας: Kovach, Peter J.
Μορφή: Βιβλίο
Γλώσσα:English
Δημοσίευση: Greenwich, CT : Manning publications, c1998
Θέματα:
Ετικέτες: Προσθήκη ετικέτας
Δεν υπάρχουν, Καταχωρήστε ετικέτα πρώτοι!

MARC

LEADER 00000nam a2200000 i 4500
001 1/99915
008 000216s1998 eng d
020 |a 1884777473 
035 |l 10057070 
040 |a GR-MY-UA  |b gre  |e aacr 
041 0 |a eng 
082 0 |a 006.693 
100 1 |a Kovach, Peter J. 
245 1 4 |a The awesome power of Direct 3D/Direct X /  |c Peter J. Kovach 
260 |a Greenwich, CT :   |b Manning publications,   |c c1998 
300 |a xx, 702 p.;  |b ill.;  |c 23 cm.+  |e 1 computer laser optical disc (4 3/4 in.) 
504 |a Includes index 
630 0 0 |a Direct3D. 
650 0 0 |a Three-dimensional display systems. 
650 0 0 |a Computer graphics. 
650 0 0 |a Real-time programming. 
852 |a INST  |b SAMOS  |e 20000216  |h 006.693 KOV  |p 005300015756  |q 005300015756  |t BK  |y 0 
852 |a INST  |b SAMOS  |e 20000216  |h 006.693 KOV   |p 005300015614  |q 005300015614  |t BK  |y 0 
901 |a BIBL3-2000-1 
909 |a Σ  |b 072811 
909 |a Σ  |b 072813 
922 |a 3ΕΛΗ  |b 199912  |c ΤΠΕΣ  |d ΠΑΠΑΣΩΤΗΡΙΟΥ 
950 |a 133-1999-07-20 
970 |a ΓΕΝΟΥΖΟΥ  |b ΧΡΥΣΑΝΘΗ  |z 2000/02/16